00303cam a22000977a 4500008004000000082001700040245008400057260003200141300000900173650002300182180718b1967 xxu||||| |||| 00| 0 eng d aB301x73 Am35 aThe ombudsman: report of the thirty-second American Assembly October 26-29,1967 aNew YorkbArden Housec1967 a15p. aOmbudsman - U.S.A.